| 000 | 00866nam a2200277 a 4500 | ||
|---|---|---|---|
| 001 | 000003269 | ||
| 003 | DO-SdBNP | ||
| 005 | 20170925110832.0 | ||
| 007 | 000003269 | ||
| 008 | 090707s1995 dr a 000 0 spa d | ||
| 040 |
_aBPMSU _bspa _cBPMSU |
||
| 082 | 4 |
_a604.2 _bV748d |
|
| 100 | 1 | _aVilleta Molineaux, Jesús A. | |
| 245 | 1 | 0 |
_aDibujo técnico de ingeniería y geometría descriptiva / _cJesús A. Villeta Molineaux. |
| 260 | 0 |
_aSanto Domingo : _bINTEC, _c1995. |
|
| 300 |
_a263 p. : _bil. ; _c27 cm. |
||
| 504 | _aBibliografia: p.261-263. | ||
| 650 | 4 | _aDIBUJO TÉCNICO | |
| 650 | 4 | _aGEOMETRÍA DESCRIPTIVA | |
| 650 | 4 | _aDIBUJO GEOMÉTRICO | |
| 710 | 1 | 2 | _aInstituto Tecnológico de Santo Domingo |
| 910 | _aValidado. Control de calidad MFF | ||
| 942 |
_2ddc _cBK |
||
| 945 | _aInventariado / 2017 VM | ||
| 956 |
_aVMATEO _b10 _c20150811 _lBPMSU _h00151 |
||
| 999 |
_c8181 _d8181 |
||